000 00446cam a2200193 4500
001 D14577
008 090401t1961 xxu||||| |||| 00| 0 eng d
035 _a(Sirsi) u16609
041 _aeng
050 _a657.869
100 _aBell, S.M.
245 _aBook keeping for builders and surveyors
260 _aLondon
_bPitman
_c1961
300 _ax. 126p. 22cm
350 _a0.75
700 _aStewart, M.
942 _n0
948 _c04/03/1997
999 _c87437
_d87437